McKenna's Drug Handbook(guide): (Record no. 505)

MARC details
000 -LEADER
Fixed length control field 00586nam a2200205Ia 4500
003 - CONTROL NUMBER IDENTIFIER
Control field IIN
005 - DATE AND TIME OF LATEST TRANSACTION
Control field 20240122160802.0
008 - FIXED-LENGTH DATA ELEMENTS--GENERAL INFORMATION
Fixed length control field 231217s9999 xx 000 0 und d
020 ## - INTERNATIONAL STANDARD BOOK NUMBER / ISBN
Price Rs.850.00
International Standard Book Number 9789389335606
040 ## - CATALOGING SOURCE
Original cataloging agency IIN
Language of cataloging English
082 ## - DEWEY DECIMAL CLASSIFICATION NUMBER
Classification number 610.73
Book Number MCK
100 1# - MAIN ENTRY--PERSONAL NAME
Personal name McKenna , Lisa
245 1# - TITLE STATEMENT
Title McKenna's Drug Handbook(guide):
Sub title for Nursing and Midwifery
Statement of responsibility Lisa McKenna and Sanja Mirkov
250 ## - EDITION STATEMENT
Edition statement .-8th ed
260 ## - IMPRINT
Name of publisher Wolters Kluwer
Place of publication New Delhi
Date of publication 2019
300 ## - PHYSICAL DESCRIPTION
Page / Vol. No xlii, 1430 p.
650 1# - SUBJECT ADDED ENTRY--TOPICAL TERM
Topical term Drug
Form subdivision Nursing and Midwifery
700 1# - ADDED ENTRY--PERSONAL NAME
Personal name Mirkov, Sanja
942 ## - ADDED ENTRY ELEMENTS (KOHA)
Koha item type Books
Holdings
Withdrawn status Lost status Source of classification Damaged status Not for loan Collection code Home library Current library Date acquired Price Total Checkouts Call number Accession number Date last seen Price effective from Koha item type
    Dewey Decimal Classification       IDEAL INSTITUTE OF NURSING IDEAL INSTITUTE OF NURSING 17/12/2023 850.00   610.73 MCK 500 17/12/2023 17/12/2023 Books
    Dewey Decimal Classification       IDEAL INSTITUTE OF NURSING IDEAL INSTITUTE OF NURSING 17/12/2023 850.00   610.73 MCK 501 17/12/2023 17/12/2023 Books
    Dewey Decimal Classification       IDEAL INSTITUTE OF NURSING IDEAL INSTITUTE OF NURSING 17/12/2023 850.00   610.73 MCK 502 17/12/2023 17/12/2023 Books
    Dewey Decimal Classification       IDEAL INSTITUTE OF NURSING IDEAL INSTITUTE OF NURSING 17/12/2023 850.00   610.73 MCK 503 17/12/2023 17/12/2023 Books
    Dewey Decimal Classification       IDEAL INSTITUTE OF NURSING IDEAL INSTITUTE OF NURSING 17/12/2023 850.00   610.73 MCK 504 17/12/2023 17/12/2023 Books
© Ideal Institute Of Nursing, All rights reserved.         Powered by Koha